Normal view
MARC view
- HARRIS, CYRIL
Entry Personal Name
001 - CONTROL NUMBER
- control field: 90139
003 - CONTROL NUMBER IDENTIFIER
- control field: NUST
005 - DATE AND TIME OF LATEST TRANSACTION
- control field: 20220301165120.0
008 - FIXED-LENGTH DATA ELEMENTS
- fixed length control field: 220301|| aca||aabn | a|a d
040 ## - CATALOGING SOURCE
- Original cataloging agency: NUST
- Transcribing agency: NUST
100 ## - HEADING--PERSONAL NAME
- Personal name: HARRIS, CYRIL
670 ## - SOURCE DATA FOUND
- Source citation: Work cat.: (NUST): HARRIS, CYRIL., DICTIONARY OF ARCHITECTURE AND CONSTRUCTION /, 2006.
